000 005700000a22001810004500
041 0 _aSPA
082 0 4 _aG 265.1 H185c
100 1 _aHallesby, O. (Ole) (1879-1961)
245 1 0 _aEl bautismo y la conversión : Tratado sobre la relación que existe entre la regeneración en el bautismo de niños, el despertar y la conversión / O. Hallesby
250 _a2
260 _aColombia : Coextensión
300 _a71 Pag
001 9639
942 _cBK
999 _c39550
_d39550
336 _atexto
_btxt
_2rdacontent
337 _2rdamedia
_asin mediación
_bn
338 _2rdacarrier
_avolumen
_bnc